000 01076cam a22002651i 4500
003 SA-RiAUC
005 20250505080254.0
008 250504s1991 le g 000 0dara c
040 _aSA-JeALM
_bara
_cSA-RiAUC.
_erda
082 0 4 _a810.9962
_qSA-RiAUC
090 _a810.9962
_b ز ك ي
100 1 _aزكي مبارك، زكي عبد السلام مبارك،
_d1891-1952
_eمؤلف.
245 1 0 _aزكي مبارك وهؤلاء /
_cتأليف زكي مبارك ؛ إعداد وتقديم كريمة زكي مبارك.
250 _aالطبعة الأولى.
264 1 _aبيروت :
_bدار الجيل،
_c[1991]
300 _a231 صفحة ؛
_c24 سم
336 _aنص
_btxt
_2rdacontent
_3كتاب
337 _aبدون وسيط
_bn
_2rdamedia
338 _aمجلد
_bnc
_2rdacarrier
650 7 _aالأدب العربي
_zمصر
_xتاريخ ونقد
_yقرن 20
_2aucsh
700 _aمبارك ,كريمة زكي.
_eإعداد وتقديم.
942 _2ddc
_cBOOK
_n0
949 _aSA-JeALM
_d250504
_umohamedma123
_n1
999 _c7613
_d7613